000 00735nab a2200193 4500
001 244442
003 OSt
005 20230629084311.0
007 tu
008 200917s2020|||||||
040 _aDE-2950
_cDE-2950
245 0 0 _aRunderneuerung für Buckelpiste im Zentrum.
_bVerkehr. Tiefbauamtsleiter Frank Herrmann bezeichnet sie als "die schlimmste Straße der Stadt". Die Rede ist von der Bardelebenstraße, die seit vielen Jahren völlig marode ist. Sie wir jetzt saniert und erhält Gehwege /
_cThomas Gutke
264 _c2023
653 _aFrankfurt (Oder)
653 _aBardelebenstraße
653 _aSanierung
773 0 _g34. Jahrgang (2023) Nr. 143 vom 22.06.2023, S. 13: mit Foto
_tMärkische Oderzeitung
942 _2z
_cA
999 _c372594
_d372594